[Event "CAN-ch"]
[Site "Guelph CAN"]
[Date "2011.05.08"]
[Round "5"]
[White "Noritsyn, Nikolay"]
[Black "Panjwani, Raja"]
[Result "1-0"]
[WhiteElo "2584"]
[BlackElo "2450"]
[PlyCount "147"]
[EventDate "2011.05.06"]
[EventType "swiss"]
[EventRounds "9"]
[EventCountry "CAN"]

1. c4 Nf6 2. Nc3 g6 3. g3 Bg7 4. Bg2 d6 5. d4 O-O 6. e3 c5 7. d5 Na6 8. Nge2
Nc7 9. a3 b5 10. cxb5 Rb8 11. Qd3 a6 12. Rb1 e6 13. dxe6 Bxe6 14. bxa6 d5 15.
O-O Bf5 16. e4 Nxe4 17. Nxe4 dxe4 18. Qxd8 Rbxd8 19. Bg5 Rd7 20. Rbd1 Nxa6 21.
Nc3 Rb7 22. Bc1 Rb3 23. Rfe1 Nc7 24. Bxe4 Bxe4 25. Nxe4 Ne6 26. Nd2 Rd3 27. Nc4
Rfd8 28. Rxd3 Rxd3 29. Be3 Rb3 30. Kf1 h5 31. h4 Bf6 32. Rd1 Nd4 33. Rd2 Kf8
34. Kg2 Ke7 35. Na5 Rb5 36. b4 Ke6 37. bxc5 Rxa5 38. Bxd4 Bxd4 39. Rxd4 Rxc5
40. Re4+ Kf5 41. Rf4+ Ke6 42. Re4+ Kf5 43. Rb4 Rc3 44. a4 Ra3 45. Rb5+ Kf6 46.
a5 Kg7 47. Kf1 Ra2 48. Ke1 Kh6 49. Rc5 f6 50. f4 Ra3 51. Kd2 Rxg3 52. a6 Ra3
53. Rc6 Ra4 54. Ke3 Kg7 55. Rc7+ Kh6 56. Rc6 Kg7 57. Rc7+ Kh6 58. a7 g5 59.
hxg5+ fxg5 60. f5 g4 61. f6 Ra3+ 62. Kf4 Ra4+ 63. Kf5 Ra5+ 64. Kf4 Ra4+ 65. Kf5
Ra5+ 66. Ke6 g3 67. f7 Kg7 68. Ke7 Re5+ 69. Kd6 Ra5 70. Ke7 Re5+ 71. Kd8 g2 72.
a8=Q g1=Q 73. f8=Q+ Kxf8 74. Kd7+ 1-0

[Event "CAN-ch"]
[Site "Guelph CAN"]
[Date "2011.05.11"]
[Round "9"]
[White "Gerzhoy, Leonid"]
[Black "Panjwani, Raja"]
[Result "1/2-1/2"]
[WhiteElo "2629"]
[BlackElo "2450"]
[PlyCount "60"]
[EventDate "2011.05.06"]
[EventType "swiss"]
[EventRounds "9"]
[EventCountry "CAN"]

1. d4 Nf6 2. c4 g6 3. Nf3 Bg7 4. g3 O-O 5. Bg2 d6 6. Nc3 Nc6 7. O-O Bf5 8. b3
Ne4 9. Bb2 Nxc3 10. Bxc3 Be4 11. Qd2 d5 12. Rfd1 e6 13. cxd5 exd5 14. Ne5 Nxe5
15. Bxe4 Ng4 16. Bf3 f5 17. b4 a6 18. a4 Qd7 19. Qb2 f4 20. b5 axb5 21. axb5
Rae8 22. Qb3 c6 23. Ra7 Nxh2 24. Kxh2 fxg3+ 25. Kxg3 Qf5 26. bxc6 Qg5+ 27. Kh3
Rxf3+ 28. exf3 Qh5+ 29. Kg2 Qg5+ 30. Kf1 Qh5 1/2-1/2

[Event "Wch-U20"]
[Site "Chotowa POL"]
[Date "2010.08.03"]
[Round "1"]
[White "Zecevic, Ivan"]
[Black "Panjwani, Raja"]
[Result "0-1"]
[WhiteElo "1995"]
[BlackElo "2395"]
[PlyCount "141"]
[EventDate "2010.08.03"]
[EventType "swiss"]
[EventRounds "13"]
[EventCountry "POL"]
[Source "Mark Crowther"]
[SourceDate "2010.08.09"]

1. e4 c5 2. Nf3 Nc6 3. Bb5 Nf6 4. Bxc6 dxc6 5. d3 Nd7 6. Be3 e5 7. Nc3 Bd6 8.
O-O Nf8 9. h3 Ne6 10. Ne2 O-O 11. c3 Re8 12. Qc2 b6 13. d4 exd4 14. cxd4 Ba6
15. Rfd1 Bxe2 16. Qxe2 cxd4 17. Nxd4 Nxd4 18. Bxd4 Qe7 19. Qg4 f6 20. Re1 Bb4
21. Re3 Rad8 22. Bc3 Bxc3 23. bxc3 Qd6 24. Rae1 Qd2 25. R1e2 Qd1+ 26. Kh2 Rd3
27. Rxd3 Qxd3 28. Re3 Qd2 29. Qe2 Qxe2 30. Rxe2 Rd8 31. f3 Rd3 32. Rc2 Kf7 33.
Kg3 Ke6 34. Kf2 c5 35. f4 g5 36. fxg5 fxg5 37. Ke2 c4 38. a4 Ke5 39. a5 b5 40.
a6 Kxe4 41. Rb2 Rxc3 42. Rxb5 Rc2+ 43. Kd1 Rxg2 44. Rb7 Ra2 45. Rxa7 Kd3 46.
Rd7+ Kc3 47. a7 h6 48. Rb7 Ra1+ 49. Ke2 Kc2 50. Kf3 h5 51. Ke4 c3 52. Rc7 Ra4+
53. Kf3 Kd2 54. Kf2 c2 55. Rd7+ Kc3 56. Rc7+ Kd3 57. Rd7+ Ke4 58. Rc7 Kd3 59.
Rd7+ Kc3 60. Rc7+ Kb2 61. Rb7+ Ka1 62. Rc7 Kb1 63. Rb7+ Kc1 64. Rc7 Ra1 65. Rb7
Ra2 66. Ke1 g4 67. hxg4 hxg4 68. Kf2 Kd2 69. Rd7+ Kc3 70. Rc7+ Kd3 71. Kg3 0-1

[Event "Wch-U20"]
[Site "Chotowa POL"]
[Date "2010.08.05"]
[Round "3"]
[White "Hercules, Benjamin Vincent"]
[Black "Panjwani, Raja"]
[Result "0-1"]
[WhiteElo "2057"]
[BlackElo "2395"]
[PlyCount "50"]
[EventDate "2010.08.03"]
[EventType "swiss"]
[EventRounds "13"]
[EventCountry "POL"]
[Source "Mark Crowther"]
[SourceDate "2010.08.09"]

1. d4 Nf6 2. c4 g6 3. Nc3 Bg7 4. e4 d6 5. Be2 O-O 6. Bg5 Na6 7. Qd2 Qe8 8. h4
c5 9. d5 e6 10. Bf4 exd5 11. exd5 Qe7 12. Qe3 Qd8 13. Qg3 Qb6 14. Rc1 Qxb2 15.
h5 Bf5 16. h6 Bh8 17. Kf1 Rfe8 18. Nf3 Ne4 19. Nxe4 Rxe4 20. Bd1 Rae8 21. Kg1
Nb4 22. Kh2 Rxf4 23. Qxf4 Nd3 24. Ba4 Nxf4 25. Bxe8 Qxf2 0-1

[Event "Wch-U20"]
[Site "Chotowa POL"]
[Date "2010.08.06"]
[Round "4"]
[White "Panjwani, Raja"]
[Black "Cori, Jorge"]
[Result "1-0"]
[WhiteElo "2395"]
[BlackElo "2486"]
[PlyCount "117"]
[EventDate "2010.08.03"]
[EventType "swiss"]
[EventRounds "13"]
[EventCountry "POL"]
[Source "Mark Crowther"]
[SourceDate "2010.08.09"]

1. d4 d5 2. c4 c6 3. e3 Nf6 4. Nc3 a6 5. Qc2 b5 6. b3 Bg4 7. Nge2 Bxe2 8. Bxe2
e6 9. O-O Nbd7 10. e4 b4 11. exd5 cxd5 12. Na4 Qc7 13. c5 Be7 14. Bd2 a5 15. g3
O-O 16. Bf4 Qc6 17. Bd3 Ra7 18. Qe2 Qb7 19. g4 g6 20. f3 Nb8 21. Rad1 Nc6 22.
Bb1 Nd7 23. Qf2 Re8 24. Rfe1 Bf6 25. Bd6 Qc8 26. f4 Qd8 27. Re2 Bg7 28. g5 Nf8
29. h4 f6 30. Bd3 Rf7 31. Bb5 Qc8 32. Nb6 Qb7 33. Ba4 fxg5 34. hxg5 Rf5 35. Qe3
Kh8 36. Rh2 Rd8 37. Bxf8 Rdxf8 38. Rh4 Qc7 39. Kg2 Nxd4 40. Rxd4 Qxc5 41. Rd3
d4 42. Qe4 Qxb6 43. Bd7 Be5 44. fxe5 Rxg5+ 45. Rg3 Rxg3+ 46. Kxg3 d3 47. Rh2
Qg1+ 48. Rg2 Qd1 49. Qe3 Rd8 50. Rd2 Qxd2 51. Qxd2 Rxd7 52. Kf2 Kg7 53. Ke1 h6
54. Qf4 Rf7 55. Qc4 h5 56. Qxe6 g5 57. Qd5 Re7 58. Qd6 Rf7 59. e6 1-0

[Event "Wch-U20"]
[Site "Chotowa POL"]
[Date "2010.08.10"]
[Round "7"]
[White "Sethuraman, SP."]
[Black "Panjwani, Raja"]
[Result "0-1"]
[WhiteElo "2513"]
[BlackElo "2395"]
[PlyCount "54"]
[EventDate "2010.08.03"]
[EventType "swiss"]
[EventRounds "13"]
[EventCountry "POL"]
[Source "Mark Crowther"]
[SourceDate "2010.08.16"]

1. d4 d5 2. c4 c6 3. Nc3 Nf6 4. Nf3 e6 5. Qd3 dxc4 6. Qxc4 b5 7. Qd3 Nbd7 8. e4
Qa5 9. e5 b4 10. exf6 bxc3 11. bxc3 gxf6 12. Bd2 Bg7 13. Qe4 Rb8 14. Bd3 Ba6
15. c4 Qa3 16. O-O f5 17. Qe2 O-O 18. Bf4 Rbd8 19. Rad1 Rfe8 20. Rfe1 c5 21.
Bd6 Qa5 22. dxc5 Nxc5 23. Bb1 Na4 24. Qe3 Nc3 25. Qxa7 Nxd1 26. Rxd1 Qa4 27.
Rd2 Qxc4 0-1

[Event "Wch-U20"]
[Site "Chotowa POL"]
[Date "2010.08.11"]
[Round "8"]
[White "Panjwani, Raja"]
[Black "Diamant, Andre"]
[Result "1/2-1/2"]
[WhiteElo "2395"]
[BlackElo "2518"]
[PlyCount "52"]
[EventDate "2010.08.03"]
[EventType "swiss"]
[EventRounds "13"]
[EventCountry "POL"]
[Source "Mark Crowther"]
[SourceDate "2010.08.16"]

1. d4 d5 2. c4 dxc4 3. e4 Nf6 4. e5 Nd5 5. Bxc4 Nb6 6. Bd3 Nc6 7. Ne2 Be6 8.
Nbc3 Qd7 9. Ne4 Bd5 10. Be3 e6 11. O-O Bc4 12. Bxc4 Nxc4 13. Qc2 Nb6 14. a3 Nd5
15. Rad1 Be7 16. Bc1 O-O 17. Rd3 f5 18. exf6 Nxf6 19. Rh3 h6 20. Rd1 Nxe4 21.
Qxe4 Qd5 22. Re3 Qxe4 23. Rxe4 Rf6 24. Bf4 Bd6 25. Bxd6 cxd6 26. d5 exd5
1/2-1/2

[Event "Wch-U20"]
[Site "Chotowa POL"]
[Date "2010.08.12"]
[Round "9"]
[White "Tomczak, Jacek"]
[Black "Panjwani, Raja"]
[Result "1-0"]
[WhiteElo "2509"]
[BlackElo "2395"]
[PlyCount "139"]
[EventDate "2010.08.03"]
[EventType "swiss"]
[EventRounds "13"]
[EventCountry "POL"]
[Source "Mark Crowther"]
[SourceDate "2010.08.16"]

1. e4 e5 2. Nf3 Nc6 3. d4 exd4 4. Nxd4 Nf6 5. Nxc6 bxc6 6. e5 Qe7 7. Qe2 Nd5 8.
c4 Nb6 9. Nc3 Qe6 10. Qe4 g6 11. f4 d5 12. cxd5 cxd5 13. Qf3 a6 14. Be3 Bb7 15.
Qf2 Rc8 16. Bd3 f5 17. Qe2 c5 18. Bxa6 Bxa6 19. Qxa6 Qc6 20. Qe2 d4 21. Nb5 Rd8
22. O-O-O Qe4 23. Nc7+ Kd7 24. Nb5 Nd5 25. Rhe1 Rb8 26. a4 Bh6 27. g3 Rhe8 28.
Bd2 Qxe2 29. Rxe2 Bf8 30. Be1 Kc6 31. Kb1 Kd7 32. Bf2 Ke6 33. Rc2 Rb7 34. b3 h6
35. h4 Ra8 36. Kb2 Nb4 37. Rcd2 Be7 38. Ra1 Nd5 39. Rad1 Rab8 40. Rc2 Rh8 41.
Bxd4 cxd4 42. Rc6+ Kf7 43. Rxd4 Rd8 44. h5 Rb6 45. hxg6+ Kg7 46. Rxb6 Nxb6 47.
Rxd8 Bxd8 48. Nd4 Kxg6 49. Nc6 Bc7 50. Ne7+ Kh5 51. Nxf5 Kg4 52. e6 Nc8 53.
Nxh6+ Kxg3 54. Nf5+ Kxf4 55. e7 Be5+ 56. Kc2 Nxe7 57. Nxe7 Bd6 58. Nd5+ Ke5 59.
Nc3 Bb4 60. Kd3 Bf8 61. Kc4 Kd6 62. b4 Kc6 63. a5 Kb7 64. Ne4 Ka6 65. Nc5+ Ka7
66. b5 Ka8 67. b6 Bh6 68. Kb5 Be3 69. Nd7 Kb7 70. a6+ 1-0

[Event "Wch-U20"]
[Site "Chotowa POL"]
[Date "2010.08.13"]
[Round "10"]
[White "Panjwani, Raja"]
[Black "Bindrich, Falko"]
[Result "0-1"]
[WhiteElo "2395"]
[BlackElo "2522"]
[PlyCount "106"]
[EventDate "2010.08.03"]
[EventType "swiss"]
[EventRounds "13"]
[EventCountry "POL"]
[Source "Mark Crowther"]
[SourceDate "2010.08.16"]

1. d4 d5 2. c4 c6 3. Nc3 dxc4 4. e4 b5 5. a4 b4 6. Na2 Nf6 7. e5 Nd5 8. Bxc4 e6
9. Nf3 Be7 10. Bd2 a5 11. Nc1 Nd7 12. Nb3 Bb7 13. O-O O-O 14. Bd3 Ba6 15. Bxa6
Rxa6 16. Qe2 Ra7 17. Rfc1 Nb8 18. Rc2 Nb6 19. Nc5 h6 20. Nd3 Qd5 21. Be3 Rb7
22. Nd2 Qd8 23. Nb3 Nd5 24. Ndc5 Ra7 25. Bd2 Kh8 26. Qh5 Kh7 27. Ne4 Qe8 28.
Qh3 Rh8 29. Qd3 Kg8 30. Qg3 Kh7 31. Be1 Rg8 32. Qd3 Kh8 33. Bd2 Rf8 34. Qh3 Kh7
35. Bg5 Bxg5 36. Nxg5+ Kg8 37. Ne4 Qd8 38. g3 Ne7 39. Qf1 Nf5 40. Qc4 Rd7 41.
Rd2 Rd5 42. g4 Nh4 43. Qd3 c5 44. Rc1 Nc6 45. Qg3 Nxd4 46. Nxd4 Rxd4 47. Rcd1
Qd5 48. Rxd4 cxd4 49. Re1 Ng6 50. g5 d3 51. Nd2 h5 52. Re3 Rd8 53. Qh3 Rc8 0-1

[Event "Wch-U20"]
[Site "Chotowa POL"]
[Date "2010.08.14"]
[Round "11"]
[White "Nyzhnyk, Illya"]
[Black "Panjwani, Raja"]
[Result "1-0"]
[WhiteElo "2543"]
[BlackElo "2395"]
[PlyCount "79"]
[EventDate "2010.08.03"]
[EventType "swiss"]
[EventRounds "13"]
[EventCountry "POL"]
[Source "Mark Crowther"]
[SourceDate "2010.08.16"]

1. d4 Nf6 2. c4 e6 3. Nc3 Bb4 4. Qc2 O-O 5. a3 Bxc3+ 6. Qxc3 b6 7. Bg5 Ba6 8.
e3 d6 9. Bd3 h6 10. Bh4 Nbd7 11. b4 c5 12. dxc5 bxc5 13. Nf3 Bb7 14. O-O a5 15.
b5 Qb6 16. Rfd1 Rfe8 17. Bg3 d5 18. Ne5 d4 19. Qe1 Rad8 20. Rac1 Nxe5 21. Bxe5
Nd7 22. exd4 f6 23. Bg6 fxe5 24. Bxe8 Rxe8 25. dxe5 Qc7 26. Rd6 Nf8 27. Rcd1
Qf7 28. f3 Qf4 29. Qe2 Ng6 30. Rd7 Rb8 31. Qd2 Qxe5 32. Re1 Qf6 33. Qd6 Rf8 34.
Rxb7 Nf4 35. Rb8 Rxb8 36. Qxb8+ Kf7 37. Qe5 Ke7 38. b6 Qxe5 39. Rxe5 Kd6 40.
Rxc5 1-0

[Event "Wch-U20"]
[Site "Chotowa POL"]
[Date "2010.08.15"]
[Round "12"]
[White "Panjwani, Raja"]
[Black "Wieczorek, Oskar"]
[Result "1/2-1/2"]
[WhiteElo "2395"]
[BlackElo "2316"]
[PlyCount "69"]
[EventDate "2010.08.03"]
[EventType "swiss"]
[EventRounds "13"]
[EventCountry "POL"]
[Source "ChessBase"]
[SourceDate "2010.09.01"]

1. d4 Nf6 2. c4 g6 3. Nc3 d5 4. Bg5 Ne4 5. Bh4 Nxc3 6. bxc3 dxc4 7. e3 Be6 8.
Nf3 Bg7 9. Be2 O-O 10. O-O Nd7 11. a4 a5 12. Qc2 Nb6 13. Rfb1 Re8 14. Bg3 Bf5
15. e4 Bg4 16. Ne5 Bxe2 17. Qxe2 Bxe5 18. Bxe5 f6 19. Bg3 e5 20. d5 Qd7 21. Qa2
Reb8 22. f3 Nc8 23. Qxc4 Nd6 24. Qd3 b5 25. Bh4 g5 26. Bf2 c6 27. h4 h6 28.
hxg5 hxg5 29. dxc6 Qxc6 30. axb5 Rxb5 31. Rxb5 Nxb5 32. c4 Nc7 33. Rb1 a4 34.
Rb6 Qe8 35. Bc5 1/2-1/2

[Event "Wch-U20"]
[Site "Chotowa POL"]
[Date "2010.08.16"]
[Round "13"]
[White "Pagerka, Martin"]
[Black "Panjwani, Raja"]
[Result "0-1"]
[WhiteElo "2215"]
[BlackElo "2395"]
[PlyCount "94"]
[EventDate "2010.08.03"]
[EventType "swiss"]
[EventRounds "13"]
[EventCountry "POL"]
[Source "ChessBase"]
[SourceDate "2010.09.01"]

1. e4 e5 2. Nf3 Nc6 3. Bb5 a6 4. Ba4 Nf6 5. O-O Nxe4 6. d4 b5 7. Bb3 d5 8. dxe5
Be6 9. c3 Bc5 10. Qe2 O-O 11. Be3 f5 12. exf6 Qxf6 13. Nbd2 Bd6 14. a4 Na5 15.
Bd4 Qh6 16. Nxe4 Nxb3 17. Nxd6 Nxa1 18. Ng5 cxd6 19. Qxe6+ Qxe6 20. Nxe6 Nb3
21. Nxf8 Kxf8 22. Be3 d4 23. Bf4 dxc3 24. Bxd6+ Kf7 25. bxc3 bxa4 26. f4 Rd8
27. Ba3 Rd2 28. c4 Ra2 29. Bd6 Ra1 30. g4 g6 31. h3 Ke6 32. Bb4 a5 33. Bf8
Rxf1+ 34. Kxf1 Nd2+ 35. Ke2 Nxc4 36. Kd3 Nd6 37. Bg7 Kd5 38. Bc3 Ne4 39. Bxa5
a3 40. Bc7 a2 41. Be5 Nc5+ 42. Kc2 Ke4 43. h4 Nd7 44. Bg7 Kxf4 45. h5 g5 46.
Kb2 Kxg4 47. h6 Kf5 0-1

[Event "Calgary int."]
[Site "Calgary CAN"]
[Date "2010.05.20"]
[Round "1.9"]
[White "Panjwani, Raja"]
[Black "Me, Kevin"]
[Result "1/2-1/2"]
[WhiteElo "2401"]
[BlackElo "2103"]
[PlyCount "53"]
[EventDate "2010.05.20"]
[EventType "swiss"]
[EventRounds "9"]
[EventCountry "CAN"]

1. d4 Nf6 2. Nf3 g6 3. c4 d6 4. Nc3 Bg7 5. e4 O-O 6. Be2 e5 7. Be3 Nc6 8. d5
Ne7 9. Nd2 Nd7 10. O-O f5 11. f3 Nf6 12. c5 f4 13. Bf2 g5 14. Rc1 Ng6 15. cxd6
cxd6 16. Nb5 Rf7 17. Nc4 Bf8 18. Nxa7 Bd7 19. Qb3 g4 20. Bb6 Qe8 21. Nd2 gxf3
22. gxf3 Nh4 23. Kh1 Nh5 24. Rg1+ Ng3+ 25. Rxg3+ fxg3 26. hxg3 Ng6 27. Nf1
1/2-1/2

[Event "Calgary int."]
[Site "Calgary CAN"]
[Date "2010.05.21"]
[Round "3.7"]
[White "Panjwani, Raja"]
[Black "Yam, Alex"]
[Result "1-0"]
[WhiteElo "2401"]
[BlackElo "2167"]
[PlyCount "71"]
[EventDate "2010.05.20"]
[EventType "swiss"]
[EventRounds "9"]
[EventCountry "CAN"]

1. Nf3 Nf6 2. c4 e6 3. g3 b6 4. Bg2 Bb7 5. d4 c5 6. O-O cxd4 7. Nxd4 Bxg2 8.
Kxg2 Qc7 9. b3 d6 10. Bb2 Nbd7 11. Nc3 Qb7+ 12. f3 Rd8 13. e4 Be7 14. Re1 O-O
15. f4 Ne8 16. Qf3 Nc7 17. Rad1 Nb8 18. Rd2 Rd7 19. Red1 Rfd8 20. Ba3 a6 21. e5
d5 22. Bxe7 Rxe7 23. f5 Red7 24. f6 Qa8 25. fxg7 Nc6 26. Nxc6 Qxc6 27. Ne2 Qa8
28. Rd4 f5 29. Nf4 Rxg7 30. Nh5 Re7 31. Qf4 dxc4+ 32. Kh3 Rxd4 33. Qg5+ Kf8 34.
Qh6+ Ke8 35. Nf6+ Kd8 36. Qf8+ 1-0

[Event "Calgary int."]
[Site "Calgary CAN"]
[Date "2010.05.23"]
[Round "7.6"]
[White "Panjwani, Raja"]
[Black "Neven, Knut"]
[Result "1-0"]
[WhiteElo "2401"]
[BlackElo "2180"]
[PlyCount "37"]
[EventDate "2010.05.20"]
[EventType "swiss"]
[EventRounds "9"]
[EventCountry "CAN"]

1. Nf3 Nf6 2. c4 g6 3. Nc3 d5 4. Qa4+ Bd7 5. Qb3 dxc4 6. Qxc4 Bg7 7. e4 O-O 8.
e5 Ng4 9. d4 Nc6 10. Bf4 Na5 11. Qe2 c5 12. dxc5 b5 13. Rd1 Nc4 14. c6 Qa5 15.
cxd7 Qb4 16. a3 Nxa3 17. bxa3 Qxc3+ 18. Qd2 Qxa3 19. h3 1-0

[Event "Calgary int."]
[Site "Calgary CAN"]
[Date "2010.05.24"]
[Round "8.3"]
[White "Panjwani, Raja"]
[Black "De Firmian, Nick"]
[Result "0-1"]
[WhiteElo "2401"]
[BlackElo "2549"]
[PlyCount "88"]
[EventDate "2010.05.20"]
[EventType "swiss"]
[EventRounds "9"]
[EventCountry "CAN"]

1. d4 Nf6 2. Bg5 e6 3. e4 h6 4. Bxf6 Qxf6 5. c3 d6 6. Bd3 Nd7 7. Ne2 g6 8. O-O
Bg7 9. f4 Qe7 10. e5 O-O 11. Nd2 b6 12. Be4 Rb8 13. Qa4 a5 14. Bc6 Rd8 15. Ne4
d5 16. N4g3 Bb7 17. Rac1 Bxc6 18. Qxc6 b5 19. f5 gxf5 20. Qxc7 a4 21. Qa5 Bf8
22. c4 dxc4 23. Qc3 Bg7 24. Nh5 Bh8 25. Qh3 Kh7 26. Neg3 Qg5 27. Rf4 Nxe5 28.
dxe5 Bxe5 29. Rff1 Bxb2 30. Rce1 Rd3 31. Nf4 Rd6 32. Nfh5 Rd3 33. Nf4 Rd6 34.
Nfh5 Kh8 35. Nxf5 exf5 36. Rxf5 Rd3 37. Ng3 Qg6 38. Ref1 b4 39. Qh4 Bd4+ 40.
Kh1 b3 41. Qf4 Rd8 42. Qc7 Bg7 43. Qxc4 b2 44. Qxa4 Rxg3 0-1

[Event "Calgary int."]
[Site "Calgary CAN"]
[Date "2010.05.24"]
[Round "9.4"]
[White "Torre, Eugenio"]
[Black "Panjwani, Raja"]
[Result "1-0"]
[WhiteElo "2506"]
[BlackElo "2401"]
[PlyCount "71"]
[EventDate "2010.05.20"]
[EventType "swiss"]
[EventRounds "9"]
[EventCountry "CAN"]

1. d4 Nf6 2. Nf3 c6 3. c4 d5 4. e3 Bf5 5. cxd5 cxd5 6. Qb3 Qc7 7. Bd2 Nc6 8.
Bb5 Bd7 9. O-O e6 10. Rc1 Bd6 11. Nc3 a6 12. Bd3 Na5 13. Qd1 Qd8 14. Ne5 Nc6
15. f4 Ne7 16. Be1 Rc8 17. Qf3 Bc6 18. Bh4 Ng6 19. Bg5 Be7 20. Ne2 Nxe5 21.
dxe5 d4 22. Rxc6 Rxc6 23. exf6 gxf6 24. Nxd4 Rc7 25. Bh6 Bc5 26. Qe4 Rd7 27.
Rd1 Bxd4 28. exd4 f5 29. Qe5 Rg8 30. Bg5 Qc8 31. Re1 h6 32. Bxh6 Rc7 33. Bg5
Rc1 34. h4 f6 35. Bxf6 Qc6 36. Bg5 1-0

[Event "CAN-ch"]
[Site "Guelph CAN"]
[Date "2009.08.08"]
[Round "1"]
[White "Jiang, Louie"]
[Black "Panjwani, Raja"]
[Result "1/2-1/2"]
[WhiteElo "2268"]
[BlackElo "2472"]
[PlyCount "82"]
[EventDate "2009.08.08"]
[EventType "swiss"]
[EventRounds "9"]
[EventCountry "CAN"]

1. e4 c6 2. d4 d5 3. Nc3 dxe4 4. Nxe4 Bf5 5. Ng3 Bg6 6. h4 h6 7. Nf3 Nd7 8. h5
Bh7 9. Bd3 Bxd3 10. Qxd3 e6 11. Bd2 Ngf6 12. O-O-O Be7 13. Ne4 Nxe4 14. Qxe4
Nf6 15. Qe2 Qd5 16. c4 Qe4 17. Qxe4 Nxe4 18. Be3 Nf6 19. Ne5 Bd6 20. Bf4 b5 21.
Kc2 O-O 22. b3 a5 23. Rh4 a4 24. Nxc6 axb3+ 25. axb3 Ra2+ 26. Kd3 bxc4+ 27.
bxc4 Rc8 28. Bxd6 Rxc6 29. Be7 Nd7 30. Rf4 Nb6 31. Bc5 Nd7 32. Rd2 Ra4 33. Rc2
e5 34. Rf5 Re6 35. Kd2 Rc6 36. f4 exd4 37. Bxd4 Rcxc4 38. Rxc4 Rxc4 39. Rd5 Rc7
40. Ra5 f6 41. g4 Kf7 1/2-1/2

[Event "CAN-ch"]
[Site "Guelph CAN"]
[Date "2009.08.09"]
[Round "2"]
[White "Panjwani, Raja"]
[Black "Arsenault, Nicolas"]
[Result "1-0"]
[WhiteElo "2472"]
[BlackElo "2228"]
[PlyCount "105"]
[EventDate "2009.08.08"]
[EventType "swiss"]
[EventRounds "9"]
[EventCountry "CAN"]

1. e4 e6 2. d4 d5 3. Nc3 Nf6 4. e5 Nfd7 5. f4 c5 6. Nf3 Nc6 7. Be3 cxd4 8. Nxd4
Bc5 9. Qd2 O-O 10. O-O-O Bxd4 11. Bxd4 a6 12. Bf2 b5 13. Bd3 b4 14. Na4 Qa5 15.
b3 Qc7 16. Qe2 a5 17. Qh5 h6 18. g4 Ba6 19. Bxa6 Rxa6 20. g5 Ne7 21. gxh6 g6
22. h7+ Kh8 23. Qe2 Rc6 24. h4 Rc8 25. Rd2 Nf5 26. h5 g5 27. fxg5 Qxe5 28. Kb1
Qxe2 29. Rxe2 Kxh7 30. Nb2 Rg8 31. Rg1 e5 32. Nd3 Re6 33. Be1 Nd4 34. Rf2 Re7
35. c3 bxc3 36. Bxc3 Nc6 37. Rf5 d4 38. Bb2 Nb6 39. Rc1 Rc8 40. Rf6 Rec7 41.
Rcf1 Kg8 42. Rxc6 Rxc6 43. Nxe5 R6c7 44. Bxd4 Nd5 45. Ng4 Nc3+ 46. Bxc3 Rxc3
47. Nh6+ Kh8 48. Nxf7+ Kg7 49. Nd6 Rd8 50. h6+ Kg8 51. g6 Rh3 52. Nf7 Re8 53.
Kb2 1-0

[Event "CAN-ch"]
[Site "Guelph CAN"]
[Date "2009.08.10"]
[Round "3"]
[White "Martchenko, Alexander"]
[Black "Panjwani, Raja"]
[Result "1/2-1/2"]
[WhiteElo "2300"]
[BlackElo "2472"]
[PlyCount "67"]
[EventDate "2009.08.08"]
[EventType "swiss"]
[EventRounds "9"]
[EventCountry "CAN"]

1. e4 e5 2. Nf3 Nc6 3. Bb5 Nf6 4. O-O Nxe4 5. d4 Nd6 6. dxe5 Nxb5 7. a4 Nbd4 8.
Nxd4 Nxd4 9. Qxd4 d5 10. exd6 Qxd6 11. Qe3+ Be7 12. Nc3 O-O 13. Nb5 Qd8 14. Qg3
Bd6 15. Nxd6 Qxd6 16. Bf4 Qc6 17. c3 Bf5 18. Bxc7 Rfe8 19. Be5 f6 20. Bd4 a6
21. Rfe1 Bg6 22. a5 Re6 23. Rxe6 Qxe6 24. b4 Re8 25. h3 Qc6 26. Rc1 Qc4 27. Qd6
Qe6 28. Qxe6+ Rxe6 29. Be3 Kf7 30. Rd1 Bc2 31. Rd8 Re8 32. Rd7+ Re7 33. Rd8 Re8
34. Rd7+ 1/2-1/2

[Event "CAN-ch"]
[Site "Guelph CAN"]
[Date "2009.08.11"]
[Round "4"]
[White "Panjwani, Raja"]
[Black "Henry, Liam"]
[Result "1/2-1/2"]
[WhiteElo "2472"]
[BlackElo "2270"]
[PlyCount "81"]
[EventDate "2009.08.08"]
[EventType "swiss"]
[EventRounds "9"]
[EventCountry "CAN"]

1. e4 e6 2. d3 c5 3. g3 Nc6 4. Bg2 g6 5. Nc3 Bg7 6. Be3 d6 7. Qd2 Qa5 8. Nge2
Nd4 9. Rb1 Ne7 10. b4 cxb4 11. Bxd4 Bxd4 12. Nxd4 bxc3 13. Qh6 a6 14. Nf3 Qxa2
15. O-O f6 16. Qg7 Rf8 17. Rfc1 Qa5 18. Qxh7 Rb8 19. Qh6 b5 20. d4 e5 21. h4
Be6 22. h5 g5 23. Nxg5 Bg8 24. Nf3 b4 25. g4 exd4 26. g5 fxg5 27. Qxd6 Qb6 28.
Qe5 Rd8 29. Nxg5 d3 30. cxd3 Qxf2+ 31. Kh1 Rxd3 32. Qb8+ Rd8 33. Qxb4 Qh4+ 34.
Nh3 Be6 35. Rxc3 Qxh5 36. Qc5 Qxc5 37. Rxc5 Rh8 38. Rc3 Rd2 39. Rb8+ Rd8 40.
Rb6 Rc8 41. Rxc8+ 1/2-1/2

[Event "CAN-ch"]
[Site "Guelph CAN"]
[Date "2009.08.12"]
[Round "5"]
[White "Kaminski, Thomas"]
[Black "Panjwani, Raja"]
[Result "0-1"]
[WhiteElo "2183"]
[BlackElo "2472"]
[PlyCount "80"]
[EventDate "2009.08.08"]
[EventType "swiss"]
[EventRounds "9"]
[EventCountry "CAN"]

1. d4 d6 2. c4 g6 3. Nc3 Bg7 4. e4 Nf6 5. Be2 O-O 6. Nf3 Nbd7 7. O-O e5 8. d5
Nc5 9. Qc2 a5 10. Ne1 Ne8 11. Be3 f5 12. f3 f4 13. Bf2 g5 14. g4 fxg3 15. hxg3
Nf6 16. Kg2 g4 17. Nd3 gxf3+ 18. Bxf3 Nxd3 19. Qxd3 Ng4 20. Bg1 Qg5 21. c5 Qh5
22. cxd6 Ne3+ 23. Qxe3 Bh3+ 24. Kf2 Bh6 25. Qd3 Rxf3+ 26. Qxf3 Rf8 27. Qxf8+
Bxf8 28. Rfe1 Bxd6 29. Ke3 Qe8 30. a4 Qg6 31. Kd3 Bb4 32. Be3 h5 33. Rh1 Bg4
34. Rhf1 Qa6+ 35. Nb5 Bd7 36. Ke2 Qg6 37. Nxc7 Qxe4 38. Ne6 Qxd5 39. Ng5 Bg4+
40. Kf2 Bd2 0-1

[Event "CAN-ch"]
[Site "Guelph CAN"]
[Date "2009.08.13"]
[Round "6"]
[White "Panjwani, Raja"]
[Black "Tayar, Jonathan"]
[Result "1-0"]
[WhiteElo "2472"]
[BlackElo "2436"]
[PlyCount "79"]
[EventDate "2009.08.08"]
[EventType "swiss"]
[EventRounds "9"]
[EventCountry "CAN"]

1. d4 Nf6 2. Bg5 e6 3. e4 h6 4. Bxf6 Qxf6 5. c3 d6 6. Bd3 e5 7. Ne2 Nc6 8. O-O
g5 9. Bb5 Bd7 10. d5 Ne7 11. Bxd7+ Kxd7 12. Qa4+ Kd8 13. Qb5 Rb8 14. Qa5 a6 15.
c4 h5 16. Nbc3 g4 17. c5 Bh6 18. Rad1 h4 19. Rd3 Nc8 20. c6 h3 21. g3 Qg6 22.
f4 f5 23. cxb7 Rxb7 24. b3 fxe4 25. f5 Qf7 26. Nxe4 Rb5 27. Qxa6 Rxd5 28. N2c3
Rd4 29. Qb5 Rf8 30. Rxd4 exd4 31. Nd5 Re8 32. Nb4 Be3+ 33. Kh1 c5 34. Nc6+ Kc7
35. Na5 Kd8 36. Qc6 Re7 37. Nxd6 Nxd6 38. Qxd6+ Ke8 39. Qb8+ Kd7 40. Qb7+ 1-0

[Event "CAN-ch"]
[Site "Guelph CAN"]
[Date "2009.08.14"]
[Round "7"]
[White "Bluvshtein, Mark"]
[Black "Panjwani, Raja"]
[Result "1-0"]
[WhiteElo "2634"]
[BlackElo "2472"]
[PlyCount "77"]
[EventDate "2009.08.08"]
[EventType "swiss"]
[EventRounds "9"]
[EventCountry "CAN"]

1. d4 Nf6 2. c4 g6 3. Nc3 Bg7 4. e4 d6 5. Nf3 O-O 6. Be3 Bg4 7. Be2 Nfd7 8. Rc1
c5 9. d5 Bxf3 10. Bxf3 Na6 11. Be2 Nc7 12. h4 e6 13. dxe6 Nxe6 14. Qxd6 Ne5 15.
Qxd8 Raxd8 16. f4 Nc6 17. Kf2 f5 18. exf5 gxf5 19. Bf3 Kh8 20. Rcd1 Ncd4 21. h5
Nc2 22. h6 Bf6 23. Rxd8 Rxd8 24. Bxb7 Rd3 25. Bc1 Bd4+ 26. Ke2 Rg3 27. Bd5 Nc7
28. Bf3 Rg8 29. Nd5 Re8+ 30. Kd3 Ne1+ 31. Rxe1 Rxe1 32. Bd2 Nxd5 33. Bxe1 Nxf4+
34. Kc2 Kg8 35. Bc3 Bxc3 36. Kxc3 a5 37. Kb3 Nd3 38. Ka4 Nxb2+ 39. Kb5 1-0